000 00669cam a22002297a 4500
001 16899259
003 ARRUPE
005 20131127143004.0
008 110802s2010 xxka 000 p eng
010 _a 2011343564
020 _a9780956242259
040 _aDLC
_cDLC
042 _alcode
050 0 0 _aPR9390.9
_b.N93.E2 2010
100 1 _aNyathi, Albert.
_94263
245 1 0 _aEchoes from Zimbabwe /
_cwritten by Albert Nyathi.
260 _aCoventry, UK :
_bLion Press,
_cc2010.
300 _a162 p. :
_bill. ;
_c24 cm.
906 _a7
_bcbc
_corigode
_d4
_encip
_f20
_gy-gencatlg
942 _2lcc
_cMONOGRAPH
999 _c118795
_d118795